000 00471nam a2200133Ia 4500
005 20260328101441.0
008 260328s9999||||xx |||||||||||||| ||und||
100 _aVissuetti Osorio, Álvaro Erick
245 0 _aAcceso :
_b Desarrollo de la Normativa Nacional de accesibilidad en temas de Urbanística y Arquitectura /
_cÁlvaro Erick Vissuetti Osorio
260 _bSenadis / Gobierno Nacional de Panamá
300 _a73 p.
650 _aMEDIDAS Y DIMENSIONES
942 _cBK
999 _c8291
_d8291